|
|
|
|
| LEADER |
01845nam a2200445 i 4500 |
| 001 |
EBC30726102 |
| 003 |
MiAaPQ |
| 005 |
20231012082209.0 |
| 006 |
m o d | |
| 007 |
cr cnu|||||||| |
| 008 |
231012s2023 enka o 000 0 eng d |
| 020 |
|
|
|z 9781032542096
|q (print)
|
| 020 |
|
|
|a 9780429553080
|q (electronic bk.)
|
| 035 |
|
|
|a (MiAaPQ)EBC30726102
|
| 035 |
|
|
|a (Au-PeEL)EBL30726102
|
| 035 |
|
|
|a (OCoLC)1402033293
|
| 040 |
|
|
|a MiAaPQ
|b eng
|e rda
|e pn
|c MiAaPQ
|d MiAaPQ
|
| 050 |
|
4 |
|a CD947
|b .B743 2023
|
| 082 |
0 |
|
|a 027.001
|2 23
|
| 100 |
1 |
|
|a Breakell, Sue,
|e author.
|
| 245 |
1 |
4 |
|a The Materiality of the Archive :
|b Creative Practice in Context /
|c Sue Breakell and Wendy Russell.
|
| 250 |
|
|
|a First edition.
|
| 264 |
|
1 |
|a Abingdon, England :
|b Routledge,
|c [2023]
|
| 264 |
|
4 |
|c Ã2023
|
| 300 |
|
|
|a 1 online resource (295 pages) :
|b illustrations.
|
| 336 |
|
|
|a text
|b txt
|2 rdacontent
|
| 337 |
|
|
|a computer
|b c
|2 rdamedia
|
| 338 |
|
|
|a online resource
|b cr
|2 rdacarrier
|
| 490 |
1 |
|
|a Routledge Studies in Archives Series
|
| 588 |
|
|
|a Description based on print version record.
|
| 590 |
|
|
|a Electronic reproduction. Ann Arbor, MI : ProQuest, 2018. Available via World Wide Web. Access may be limited to ProQuest affiliated libraries.
|
| 650 |
|
0 |
|a Archival materials.
|
| 650 |
|
0 |
|a Archives
|x Philosophy.
|
| 650 |
|
0 |
|a Material culture.
|
| 655 |
|
4 |
|a Electronic books.
|
| 700 |
1 |
|
|a Russell, Wendy
|c (Archivist),
|e author.
|
| 776 |
0 |
8 |
|i Print version:
|a Breakell, Sue.
|t Materiality of the Archive : Creative Practice in Context.
|b First edition.
|d Abingdon, England : Routledge, c2023
|h 295 pages
|k Routledge Studies in Archives.
|z 9781032542096
|
| 797 |
2 |
|
|a ProQuest (Firm)
|
| 830 |
|
0 |
|a Routledge studies in archives.
|
| 856 |
4 |
0 |
|u https://ebookcentral.proquest.com/lib/matrademy/detail.action?docID=30726102
|z Click to View
|